Istanbulský dohovor ako nástroj eliminácie násilia páchaného na ženách

Dohovor Rady Európy o predchádzaní násiliu na ženách a domácemu násiliu a o boji proti nemu - Istanbulský dohovor - sa vzťahuje na všetky oblasti, ktoré môžu ovplyvniť elimináciu násilia páchaného na ženách a pomôcť jeho obetiam. SR bola jedným z prvých štátov, ktoré podpísali Istanbulský dohovor, n...

ver descrição completa

Na minha lista:
Detalhes bibliográficos
Autor principal: Magurová, Zuzana
Outros Autores: Magurová, Hana, 1986-
Formato: Capítulo de Livro
Idioma:eslovaco
Assuntos:
Tags: Adicionar Tag
Sem tags, seja o primeiro a adicionar uma tag!

MARC

LEADER 00000naa$a2200000$$$4500
001 0217215
005 20250514130544.6
041 0 |a slo 
044 |a SK 
245 1 0 |a Istanbulský dohovor ako nástroj eliminácie násilia páchaného na ženách  |c Zuzana Magurová, Hana Magurová 
520 |a Dohovor Rady Európy o predchádzaní násiliu na ženách a domácemu násiliu a o boji proti nemu - Istanbulský dohovor - sa vzťahuje na všetky oblasti, ktoré môžu ovplyvniť elimináciu násilia páchaného na ženách a pomôcť jeho obetiam. SR bola jedným z prvých štátov, ktoré podpísali Istanbulský dohovor, napriek tomu u nás stále nieje dohorov ratifikovaný. Pozitívne stránky Istanbulského dohovoru. 
610 2 0 |a ženy 
610 2 0 |a nerovnosť rodová 
610 2 0 |a násilie domáce 
610 2 0 |a ochrana právna 
610 2 0 |a činnosť trestná 
610 2 0 |a dokumenty 
610 2 0 |a úpravy právne 
100 1 |a Magurová, Zuzana 
700 1 |a Magurová, Hana, 1986-